[Event "2. BUNDESLIGA MITTE"]
[Site "Steyregg, Fuerstenfeld/Sauwald/Villach, St. Veit/Glan, Graz"]
[Date "2015.10.04"]
[Round "3"]
[Board "5"]
[White "Ennsberger, Ulrich"]
[Black "Tomazini, Aljosa"]
[Result "1/2-1/2"]
[WhiteElo "2314"]
[BlackElo "2335"]
[PlyCount "117"]
[EventDate "2015.10.02"]
[EventType "team"]
[EventRounds "11"]
[EventCountry "AUT"]
[WhiteTeam "Union Ansfelden"]
[BlackTeam "SC MPOE Maria Saal 2"]

1. e4 e5 2. Nf3 Nc6 3. Bb5 a6 4. Bxc6 dxc6 5. O-O Bg4 6. h3 Bh5 7. g4 Bg6 8.
Nxe5 Qh4 9. Qf3 f6 10. Nxg6 hxg6 11. Kg2 g5 12. d4 O-O-O 13. Be3 Ne7 14. Rh1
Qh7 15. Nd2 Kb8 16. Kf1 Qg8 17. c4 Rh6 18. c5 Ng6 19. b4 Qh7 20. a4 Re8 21. Rh2
Nh4 22. Qh1 Be7 23. Ke2 Rh8 24. b5 Kc8 25. bxc6 bxc6 26. Qb1 Ng6 27. Qb3 Kd7
28. d5 Rxh3 29. dxc6+ Ke8 30. Rxh3 Qxh3 31. Qe6 Nf8 32. Qf5 Rh4 33. f3 Qg2+ 34.
Bf2 Rh2 35. Rf1 Kf7 36. Nc4 Ng6 37. Ne3 Qh3 38. Nd5 Ne5 39. Nxc7 Bxc5 40. Qe6+
Kg6 41. Qe8+ Kh7 42. Qh5+ Qxh5 43. gxh5 a5 44. Ne6 Bxf2 45. Rxf2 Rxf2+ 46. Kxf2
Nxc6 47. f4 gxf4 48. Kf3 g5 49. hxg6+ Kxg6 50. Kxf4 Kf7 51. Nc5 Kg6 52. Nb7 Kf7
53. Nd6+ Ke6 54. Nc4 Kf7 55. Ke3 Ke6 56. Kf4 Kf7 57. Nd6+ Ke6 58. Nb7 Ne5 59.
Nxa5 1/2-1/2

[Event "2. BUNDESLIGA MITTE"]
[Site "Steyregg, Fuerstenfeld/Sauwald/Villach, St. Veit/Glan, Graz"]
[Date "2015.10.04"]
[Round "3"]
[Board "6"]
[White "Ertl, Johann"]
[Black "Mostbauer, Maximilian"]
[Result "1/2-1/2"]
[WhiteElo "2303"]
[BlackElo "2171"]
[PlyCount "77"]
[EventDate "2015.10.02"]
[EventType "team"]
[EventRounds "11"]
[EventCountry "AUT"]
[WhiteTeam "SC MPOE Maria Saal 2"]
[BlackTeam "Union Ansfelden"]

1. e4 e6 2. d4 d5 3. Nd2 Nf6 4. e5 Nfd7 5. Bd3 c5 6. c3 Nc6 7. Ne2 cxd4 8. cxd4
f6 9. exf6 Nxf6 10. Nf3 Bd6 11. O-O Qc7 12. Bd2 O-O 13. Ng3 e5 14. dxe5 Nxe5
15. Nxe5 Bxe5 16. Qb3 Qb6 17. Qxb6 axb6 18. Bc3 Bxc3 19. bxc3 Ra3 20. Ne2 Bd7
21. f3 Bc6 22. Rfb1 Nd7 23. Rb3 Rfa8 24. Rxa3 Rxa3 25. Kf2 Nc5 26. Bc2 Ba4 27.
Bxa4 Nxa4 28. Rc1 Rxa2 29. Ke3 Kf7 30. h4 Nc5 31. Rb1 Na4 32. Rb4 b5 33. g4 Ke7
34. Rf4 Nb6 35. Ng3 Nc4+ 36. Kd4 Kd6 37. Nf5+ Kc6 38. Ne7+ Kd6 39. Nf5+ 1/2-1/2

[Event "2. BUNDESLIGA MITTE"]
[Site "Steyregg, Fuerstenfeld/Sauwald/Villach, St. Veit/Glan, Graz"]
[Date "2015.10.04"]
[Round "3"]
[Board "1"]
[White "Burlacu, Bogdan"]
[Black "Reichmann, Egon"]
[Result "1/2-1/2"]
[WhiteElo "2291"]
[BlackElo "2267"]
[PlyCount "84"]
[EventDate "2015.10.02"]
[EventType "team"]
[EventRounds "11"]
[EventCountry "AUT"]
[WhiteTeam "Union Hartkirchen"]
[BlackTeam "SV Wolfsberg"]

1. e4 c6 2. d4 d5 3. e5 Bf5 4. Nf3 e6 5. Be2 Nd7 6. O-O Ne7 7. Nbd2 c5 8. dxc5
Nc6 9. Nb3 Nxc5 10. Nbd4 Be4 11. Nxc6 bxc6 12. Be3 Be7 13. Nd4 Qc7 14. f3 Bg6
15. f4 O-O 16. c4 Rac8 17. Rc1 Qb7 18. b3 Be4 19. f5 exf5 20. Nxf5 Bxf5 21.
Rxf5 Ne6 22. Qf1 Bc5 23. Bxc5 Nxc5 24. Rd1 Ne6 25. Kh1 Rcd8 26. cxd5 cxd5 27.
Bf3 g6 28. Rf6 Qc7 29. Rxd5 Qc2 30. Rd6 Rxd6 31. exd6 Qd2 32. Bg4 Qxd6 33. Bxe6
fxe6 34. Rxf8+ Qxf8 35. Qxf8+ Kxf8 36. Kg1 Ke7 37. Kf2 Kd6 38. Ke3 Kc5 39. a3
Kd5 40. Kd3 g5 41. g4 Ke5 42. Ke3 Kd5 1/2-1/2

[Event "2. BUNDESLIGA MITTE"]
[Site "Steyregg, Fuerstenfeld/Sauwald/Villach, St. Veit/Glan, Graz"]
[Date "2015.10.04"]
[Round "3"]
[Board "2"]
[White "Hresc, Vladimir"]
[Black "Jurek, Josef"]
[Result "1/2-1/2"]
[WhiteElo "2354"]
[BlackElo "2289"]
[PlyCount "70"]
[EventDate "2015.10.02"]
[EventType "team"]
[EventRounds "11"]
[EventCountry "AUT"]
[WhiteTeam "SV Wolfsberg"]
[BlackTeam "Union Hartkirchen"]

1. e4 e6 2. d4 d5 3. Nd2 Nf6 4. Bd3 c5 5. c3 cxd4 6. cxd4 dxe4 7. Nxe4 Nc6 8.
Nf3 Be7 9. O-O O-O 10. Nc3 b6 11. Bg5 Bb7 12. a3 Nd5 13. Bxe7 Ncxe7 14. Ne2 Qd6
15. Qd2 Rac8 16. Rac1 Rfd8 17. Ne5 Nf6 18. Qf4 Qd5 19. f3 Ng6 20. Nxg6 hxg6 21.
Rxc8 Rxc8 22. Rc1 Qd7 23. Rxc8+ Qxc8 24. Qc1 Qxc1+ 25. Nxc1 g5 26. Kf2 Kf8 27.
Ne2 Ke7 28. Nc3 Ne8 29. g4 Nc7 30. Kg3 f6 31. f4 gxf4+ 32. Kxf4 g5+ 33. Kg3 Nd5
34. Nxd5+ Bxd5 35. h4 gxh4+ 1/2-1/2

[Event "2. BUNDESLIGA MITTE"]
[Site "Steyregg, Fuerstenfeld/Sauwald/Villach, St. Veit/Glan, Graz"]
[Date "2015.10.04"]
[Round "3"]
[Board "3"]
[White "Kleibel, Uwe"]
[Black "Toefferl, Heimo"]
[Result "1-0"]
[WhiteElo "2212"]
[BlackElo "2035"]
[PlyCount "77"]
[EventDate "2015.10.02"]
[EventType "team"]
[EventRounds "11"]
[EventCountry "AUT"]
[WhiteTeam "Union Hartkirchen"]
[BlackTeam "SV Wolfsberg"]

1. d4 e6 2. c4 d5 3. Nc3 f5 4. Nf3 c6 5. Bf4 Nf6 6. e3 Be7 7. Qc2 O-O 8. Bd3
Ne4 9. g4 Na6 10. a3 g5 11. Bg3 Rf7 12. gxf5 exf5 13. Ne5 Rf6 14. cxd5 cxd5 15.
Nxd5 Qxd5 16. Bc4 Be6 17. Bxd5 Bxd5 18. f3 Nd6 19. Rc1 h5 20. h4 g4 21. Rg1 Re6
22. e4 fxe4 23. fxg4 hxg4 24. Qe2 Kh7 25. Rf1 Rg8 26. Nf7 Rg7 27. Nxd6 Bxd6 28.
Bxd6 Rxd6 29. Rf5 Bc6 30. b4 Nc7 31. b5 Be8 32. Rg5 Rxg5 33. Rxc7+ Rg7 34.
Qxe4+ Rdg6 35. Rxg7+ Kxg7 36. Qxe8 g3 37. Kf1 g2+ 38. Kg1 Kh7 39. d5 1-0

[Event "2. BUNDESLIGA MITTE"]
[Site "Steyregg, Fuerstenfeld/Sauwald/Villach, St. Veit/Glan, Graz"]
[Date "2015.10.04"]
[Round "3"]
[Board "4"]
[White "Waldmann, Gerald"]
[Black "Windhager, Hannes"]
[Result "1-0"]
[WhiteElo "2123"]
[BlackElo "2176"]
[PlyCount "51"]
[EventDate "2015.10.02"]
[EventType "team"]
[EventRounds "11"]
[EventCountry "AUT"]
[WhiteTeam "SV Wolfsberg"]
[BlackTeam "Union Hartkirchen"]

1. e4 c5 2. Nf3 d6 3. d4 cxd4 4. Nxd4 Nf6 5. Nc3 g6 6. f4 Nbd7 7. Be3 Bg7 8.
Qf3 a6 9. O-O-O Qc7 10. g4 h6 11. Rg1 Rb8 12. h4 b5 13. g5 hxg5 14. hxg5 Nh5
15. Nd5 Qb7 16. Bh3 a5 17. Bxd7+ Bxd7 18. f5 Be5 19. fxg6 fxg6 20. Rgf1 Kd8 21.
Qf7 Re8 22. Qxg6 Ng3 23. Rf2 Bg4 24. Nf3 Bh5 25. Qe6 Bxf3 26. Bb6+ 1-0

[Event "2. BUNDESLIGA MITTE"]
[Site "Steyregg, Fuerstenfeld/Sauwald/Villach, St. Veit/Glan, Graz"]
[Date "2015.10.04"]
[Round "3"]
[Board "5"]
[White "Konrad, Edmund"]
[Black "Stagl, Marco"]
[Result "1/2-1/2"]
[WhiteElo "2193"]
[BlackElo "2057"]
[PlyCount "127"]
[EventDate "2015.10.02"]
[EventType "team"]
[EventRounds "11"]
[EventCountry "AUT"]
[WhiteTeam "Union Hartkirchen"]
[BlackTeam "SV Wolfsberg"]

1. e4 d5 2. exd5 Nf6 3. d4 Nxd5 4. c4 Nb6 5. Nc3 g6 6. h3 Bg7 7. Nf3 O-O 8. Be3
Nc6 9. Qd2 e5 10. d5 Na5 11. b3 e4 12. Nd4 c6 13. Nxe4 cxd5 14. Qxa5 Re8 15.
Rd1 Rxe4 16. c5 Qh4 17. g3 Rxe3+ 18. fxe3 Qe4 19. Rh2 Qxe3+ 20. Ne2 Nd7 21. Qd2
Qe7 22. Qxd5 Bf6 23. b4 a5 24. a3 axb4 25. axb4 Bc3+ 26. Kf2 Bxb4 27. Kg1 Qxc5+
28. Qxc5 Bxc5+ 29. Nd4 Ne5 30. Kh1 Bd7 31. Re2 Bxd4 32. Rxd4 Bc6+ 33. Bg2 Ra1+
34. Kh2 Nf3+ 35. Bxf3 Bxf3 36. Re8+ Kg7 37. g4 Bc6 38. Re2 Rh1+ 39. Kg3 Rg1+
40. Kh2 Rf1 41. h4 h6 42. Re3 Rh1+ 43. Kg3 Rg1+ 44. Kh2 Rg2+ 45. Kh3 Rb2 46.
Rc3 Rb5 47. Kg3 g5 48. Rdc4 gxh4+ 49. Kxh4 Rb6 50. Rd4 Rb1 51. Kg3 Rf1 52. Rf4
Rd1 53. Rfc4 Rd6 54. Rf4 Rg6 55. Kh4 Bd5 56. Rc5 Be6 57. Rb5 Bc8 58. Rc4 Rc6
59. Rxc6 bxc6 60. Rc5 Bd7 61. Kg3 Kg6 62. Kf4 f6 63. Ra5 Be6 64. Ra7 1/2-1/2

[Event "2. BUNDESLIGA MITTE"]
[Site "Steyregg, Fuerstenfeld/Sauwald/Villach, St. Veit/Glan, Graz"]
[Date "2015.10.04"]
[Round "3"]
[Board "6"]
[White "Schoenangerer, Herbert"]
[Black "Mayerhofer, Peter"]
[Result "0-1"]
[WhiteElo "2047"]
[BlackElo "2183"]
[PlyCount "112"]
[EventDate "2015.10.02"]
[EventType "team"]
[EventRounds "11"]
[EventCountry "AUT"]
[WhiteTeam "SV Wolfsberg"]
[BlackTeam "Union Hartkirchen"]

1. e4 c5 2. Nc3 Nc6 3. g3 g6 4. Bg2 Bg7 5. d3 d6 6. Nge2 e5 7. O-O Nge7 8. Be3
O-O 9. Qd2 Be6 10. h3 Nd4 11. f4 Qd7 12. Kh2 Rae8 13. Nd1 b6 14. c3 Nxe2 15.
Qxe2 d5 16. Nf2 f5 17. c4 fxe4 18. dxe4 d4 19. Rfd1 Nc6 20. Bd2 Qf7 21. b3 exf4
22. gxf4 d3 23. Nxd3 Bxa1 24. Rxa1 Qe7 25. Rd1 Rd8 26. Bc3 Qc7 27. e5 Nd4 28.
Qe3 Qf7 29. Be4 Bf5 30. Bd5 Be6 31. Be4 Nf5 32. Qf2 Qe7 33. Rd2 Qh4 34. Qf3 Nd4
35. Qe3 Nf5 36. Qf3 Nd4 37. Qe3 Qh5 38. Rg2 Nf5 39. Qf2 Nh4 40. Rg3 Nf5 41. Rg1
Nd6 42. Bg2 Ne4 43. Qb2 Nxc3 44. Qxc3 Qe2 45. Nc1 Qd2 46. Qxd2 Rxd2 47. Kg3
Rfd8 48. Bf3 Rc2 49. h4 h5 50. Be4 Rc3+ 51. Kf2 Rd2+ 52. Ne2 Bg4 53. Rxg4 hxg4
54. Ke1 Rcc2 55. Bd5+ Kg7 56. Ng3 Rh2 0-1

[Event "2. BUNDESLIGA MITTE"]
[Site "Steyregg, Fuerstenfeld/Sauwald/Villach, St. Veit/Glan, Graz"]
[Date "2015.10.04"]
[Round "3"]
[Board "1"]
[White "Huber, Martin Christian"]
[Black "Frank, Paul"]
[Result "1/2-1/2"]
[WhiteElo "2390"]
[BlackElo "2167"]
[PlyCount "120"]
[EventDate "2015.10.02"]
[EventType "team"]
[EventRounds "11"]
[EventCountry "AUT"]
[WhiteTeam "Schachfreunde Graz"]
[BlackTeam "ESV Admira Villach"]

1. d4 Nf6 2. c4 g6 3. Nc3 d5 4. cxd5 Nxd5 5. e4 Nxc3 6. bxc3 Bg7 7. Nf3 O-O 8.
Be2 c5 9. O-O Bg4 10. Be3 cxd4 11. cxd4 Nc6 12. d5 Ne5 13. Nxe5 Bxe2 14. Qxe2
Bxe5 15. Rad1 Qa5 16. Bh6 Rfe8 17. f4 Bg7 18. Bxg7 Kxg7 19. f5 Rac8 20. e5 Qb6+
21. Kh1 Rc3 22. f6+ Kg8 23. Rb1 Qc5 24. Qd2 Qe3 25. Qb2 Qc5 26. Qxb7 exf6 27.
exf6 Qd6 28. Rbd1 Rc7 29. Qb3 h6 30. Qh3 Kh7 31. Qh4 Re5 32. Qg3 Rd7 33. Qf3
Rxd5 34. Rde1 Rf5 35. Qg4 Qxf6 36. Rxf5 Qxf5 37. Qxf5 gxf5 38. Kg1 Rd2 39. Re5
Rxa2 40. Rxf5 Kg6 41. Rb5 a5 42. h3 f5 43. Rb6+ Kg5 44. h4+ Kxh4 45. Rxh6+ Kg5
46. Ra6 f4 47. Ra8 a4 48. Ra5+ Kg4 49. Ra8 a3 50. Ra7 Ra1+ 51. Kh2 a2 52. Ra5
Kh4 53. Ra4 Kg5 54. Ra5+ Kf6 55. Ra8 Ke5 56. Ra4 Kd5 57. Ra5+ Kc6 58. Ra8 Kb6
59. Rb8+ Kc6 60. Rc8+ Kd6 1/2-1/2

[Event "2. BUNDESLIGA MITTE"]
[Site "Steyregg, Fuerstenfeld/Sauwald/Villach, St. Veit/Glan, Graz"]
[Date "2015.10.04"]
[Round "3"]
[Board "2"]
[White "Genser, Harald"]
[Black "Schnider, Gert"]
[Result "0-1"]
[WhiteElo "2318"]
[BlackElo "2333"]
[PlyCount "108"]
[EventDate "2015.10.02"]
[EventType "team"]
[EventRounds "11"]
[EventCountry "AUT"]
[WhiteTeam "ESV Admira Villach"]
[BlackTeam "Schachfreunde Graz"]

1. d4 d5 2. c4 c6 3. Nf3 Nf6 4. e3 Bg4 5. Qb3 Qb6 6. Nc3 e6 7. Nh4 Be7 8. h3
Bh5 9. g4 Bg6 10. Nxg6 hxg6 11. g5 Ne4 12. Nxe4 dxe4 13. Rg1 Rh5 14. Rg4 Bxg5
15. Rxe4 Nd7 16. Rg4 c5 17. Bd2 Nf6 18. Rg1 Ne4 19. dxc5 Qxb3 20. axb3 Bh4 21.
Rg4 Bxf2+ 22. Ke2 Nxd2 23. Kxd2 Re5 24. e4 Bxc5 25. Kc2 Ke7 26. Rd1 a5 27. Rd3
Rh8 28. Bg2 g5 29. Bf1 Rh6 30. Rf3 b6 31. Bd3 Bd4 32. Bf1 Rh4 33. Bd3 Rc5 34.
Kb1 Rh8 35. Bf1 f6 36. Rd3 Be5 37. Be2 Rc7 38. Rg1 g6 39. Kc2 a4 40. Kb1 Ra8
41. bxa4 Rxa4 42. Rb3 Bd4 43. Rd1 Bc5 44. Bf1 Rca7 45. Kc2 f5 46. Rg3 Kf6 47.
Be2 Ra1 48. e5+ Kxe5 49. Rxg5 Kf6 50. Rg3 Rxd1 51. Bxd1 e5 52. Rf3 e4 53. Rf1
Rh7 54. Rh1 g5 0-1

[Event "2. BUNDESLIGA MITTE"]
[Site "Steyregg, Fuerstenfeld/Sauwald/Villach, St. Veit/Glan, Graz"]
[Date "2015.10.04"]
[Round "3"]
[Board "3"]
[White "Domarkaite, Laima"]
[Black "Perhinig, Robert"]
[Result "1/2-1/2"]
[WhiteElo "2142"]
[BlackElo "2262"]
[PlyCount "89"]
[EventDate "2015.10.02"]
[EventType "team"]
[EventRounds "11"]
[EventCountry "AUT"]
[WhiteTeam "Schachfreunde Graz"]
[BlackTeam "ESV Admira Villach"]

1. e4 e6 2. d4 d5 3. Nd2 a6 4. Ngf3 Nf6 5. e5 Nfd7 6. Bd3 c5 7. c3 Nc6 8. O-O
g5 9. Nb3 h6 10. Nxc5 Nxc5 11. dxc5 Bxc5 12. Qe2 Qc7 13. Re1 Bd7 14. a4 Bf8 15.
Bd2 Bg7 16. h3 Na5 17. Bc2 b5 18. axb5 Bxb5 19. Ba4 O-O 20. Bxb5 axb5 21. h4
Qc4 22. hxg5 h5 23. Nd4 Qxe2 24. Rxe2 Nc4 25. Rxa8 Rxa8 26. Bf4 Ra2 27. Kh2
Rxb2 28. Rxb2 Nxb2 29. Bg3 Nd3 30. Nxb5 Nxe5 31. Kh3 Kh7 32. Kh4 Kg6 33. Bxe5
Bxe5 34. g3 f6 35. f4 fxg5+ 36. fxg5 Bg7 37. g4 hxg4 38. Kxg4 e5 39. Nc7 d4 40.
cxd4 exd4 41. Ne6 Be5 42. Nf4+ Bxf4 43. Kxf4 d3 44. Ke3 Kxg5 45. Kxd3 1/2-1/2

[Event "2. BUNDESLIGA MITTE"]
[Site "Steyregg, Fuerstenfeld/Sauwald/Villach, St. Veit/Glan, Graz"]
[Date "2015.10.04"]
[Round "3"]
[Board "4"]
[White "Riemelmoser, Franz"]
[Black "Kastner, Walter"]
[Result "1-0"]
[WhiteElo "2331"]
[BlackElo "2211"]
[PlyCount "57"]
[EventDate "2015.10.02"]
[EventType "team"]
[EventRounds "11"]
[EventCountry "AUT"]
[WhiteTeam "ESV Admira Villach"]
[BlackTeam "Schachfreunde Graz"]

1. c4 e6 2. g3 Nf6 3. Bg2 d5 4. Nf3 dxc4 5. Na3 Bxa3 6. bxa3 Nbd7 7. Bb2 O-O 8.
Qc2 Rb8 9. a4 Re8 10. Qxc4 e5 11. Ng5 Re7 12. Ba3 c5 13. Bxc5 Nxc5 14. Qxc5 b6
15. Qb4 h6 16. Nf3 Ba6 17. Rc1 Rc7 18. Rxc7 Qxc7 19. Qb2 e4 20. Nd4 Qe5 21. e3
Rc8 22. Bf1 Qc5 23. Nb3 Qf5 24. Bxa6 Ng4 25. Bxc8 Qxf2+ 26. Kd1 Nxe3+ 27. Kc1
Nc4 28. Qd4 e3 29. Qxc4 1-0

[Event "2. BUNDESLIGA MITTE"]
[Site "Steyregg, Fuerstenfeld/Sauwald/Villach, St. Veit/Glan, Graz"]
[Date "2015.10.04"]
[Round "3"]
[Board "5"]
[White "Kravanja, Georg"]
[Black "Bartl, Ulf"]
[Result "1/2-1/2"]
[WhiteElo "2215"]
[BlackElo "1954"]
[PlyCount "96"]
[EventDate "2015.10.02"]
[EventType "team"]
[EventRounds "11"]
[EventCountry "AUT"]
[WhiteTeam "Schachfreunde Graz"]
[BlackTeam "ESV Admira Villach"]

1. d4 Nf6 2. c4 e6 3. Nf3 c5 4. d5 exd5 5. cxd5 d6 6. Nc3 g6 7. g3 Bg7 8. Bg2
O-O 9. O-O Na6 10. h3 Nc7 11. a4 b6 12. Qb3 Rb8 13. Nd2 a6 14. Nc4 b5 15. Na5
Bd7 16. Nc6 Bxc6 17. dxc6 c4 18. Qc2 b4 19. Nd1 d5 20. Ne3 Qd6 21. Nxc4 dxc4
22. Bf4 Qe7 23. Qxc4 a5 24. Rad1 Rfd8 25. Be3 Nfe8 26. Ba7 Rxd1 27. Rxd1 Rd8
28. Rxd8 Qxd8 29. Bb6 Bxb2 30. Bxa5 Qd1+ 31. Kh2 Qxa4 32. Qxb4 Qxb4 33. Bxb4
Be5 34. f4 Bd6 35. Bc3 f5 36. e4 fxe4 37. Bxe4 Kf7 38. h4 Nf6 39. Bd3 Nfd5 40.
Bc4 Ke7 41. Bb2 Nb4 42. Bg8 h5 43. Bh7 Kf7 44. f5 gxf5 45. Bxf5 Nxc6 46. Kh3
Be5 47. Bxe5 Nxe5 48. g4 hxg4+ 1/2-1/2

[Event "2. BUNDESLIGA MITTE"]
[Site "Steyregg, Fuerstenfeld/Sauwald/Villach, St. Veit/Glan, Graz"]
[Date "2015.10.04"]
[Round "3"]
[Board "6"]
[White "Eder, Robert"]
[Black "Eder, Matthias"]
[Result "1/2-1/2"]
[WhiteElo "1837"]
[BlackElo "2107"]
[PlyCount "92"]
[EventDate "2015.10.02"]
[EventType "team"]
[EventRounds "11"]
[EventCountry "AUT"]
[WhiteTeam "ESV Admira Villach"]
[BlackTeam "Schachfreunde Graz"]

1. e4 c5 2. Nf3 e6 3. d4 cxd4 4. Nxd4 Nc6 5. Be3 Qc7 6. Nc3 a6 7. Be2 Nf6 8.
O-O Bb4 9. Nxc6 bxc6 10. Na4 Be7 11. Bd3 c5 12. c4 O-O 13. Nc3 Bb7 14. Bg5 d6
15. f4 Qd8 16. Rf3 Nd7 17. Rg3 Bxg5 18. Rxg5 Ne5 19. Bc2 f6 20. Rg3 Nc6 21. Qg4
Qe7 22. Rd1 Nd4 23. Bd3 e5 24. f5 Ra7 25. Rh3 Bc6 26. Qh4 h6 27. Be2 Qb7 28.
Qg4 Qxb2 29. Rdd3 Qc1+ 30. Bf1 Qf4 31. Qxf4 exf4 32. Rh4 Re8 33. Rxf4 Rae7 34.
Re3 Rb8 35. Rf2 Reb7 36. Ne2 Nc2 37. Rd3 Rd8 38. Ng3 Nd4 39. Be2 Re8 40. Bf3
Rb4 41. Rc3 Kf8 42. Rd2 Re5 43. Kf2 Re7 44. Ne2 Nxe2 45. Rxe2 Reb7 46. Rd2 Rb2
 1/2-1/2

[Event "2. BUNDESLIGA MITTE"]
[Site "Steyregg, Fuerstenfeld/Sauwald/Villach, St. Veit/Glan, Graz"]
[Date "2015.10.04"]
[Round "3"]
[Board "1"]
[White "Degtiarev, Evgeny"]
[Black "Kovacs, Gabor"]
[Result "1/2-1/2"]
[WhiteElo "2411"]
[BlackElo "2463"]
[PlyCount "60"]
[EventDate "2015.10.02"]
[EventType "team"]
[EventRounds "11"]
[EventCountry "AUT"]
[WhiteTeam "RbEJ Gleisdorf"]
[BlackTeam "SV Steyregg"]

1. d4 {[%emt 0:00:00]} d5 2. c4 e6 3. Nc3 Be7 4. cxd5 exd5 5. Bf4 c6 6. e3 Nf6
7. Bd3 Nbd7 8. h3 Nf8 9. Nf3 Ne6 10. Be5 g6 11. O-O O-O 12. Qc2 Ng7 13. Rab1 a5
14. a3 Bf5 15. Bxf6 Bxf6 16. Bxf5 Nxf5 17. Na4 Nd6 18. Nc5 Re8 19. a4 Ra7 20.
Nd3 Nc4 21. Rbe1 Ra8 22. b3 Nd6 23. Rb1 Ra7 24. Rfc1 Be7 25. Qd1 Ne4 26. Nd2
Nxd2 27. Qxd2 Bd6 28. Rc2 Re7 29. Qd1 Kg7 30. Qf3 Re8 1/2-1/2

[Event "2. BUNDESLIGA MITTE"]
[Site "Steyregg, Fuerstenfeld/Sauwald/Villach, St. Veit/Glan, Graz"]
[Date "2015.10.04"]
[Round "3"]
[Board "3"]
[White "Manhardt, Thomas"]
[Black "Enoeckl, Philipp"]
[Result "0-1"]
[WhiteElo "2237"]
[BlackElo "2362"]
[PlyCount "60"]
[EventDate "2015.10.02"]
[EventType "team"]
[EventRounds "11"]
[EventCountry "AUT"]
[WhiteTeam "RbEJ Gleisdorf"]
[BlackTeam "SV Steyregg"]

1. e4 e6 2. d4 d5 3. e5 c5 4. c3 Nc6 5. Nf3 Qb6 6. Bd3 Nh6 7. O-O cxd4 8. cxd4
Nf5 9. Nc3 Nfxd4 10. Nxd4 Qxd4 11. Re1 Qb6 12. Nb5 Bd7 13. Be3 d4 14. Bf4 Nb4
15. Nd6+ Bxd6 16. exd6 Nxd3 17. Qxd3 f6 18. Rac1 O-O 19. Rc7 Rad8 20. Qe4 e5
21. Qd5+ Kh8 22. Rxb7 Bc6 23. Rxb6 Bxd5 24. Rb5 Rxd6 25. Bd2 Rc8 26. Bb4 Rd7
27. a4 Bb3 28. a5 Ba4 29. Rc5 Rxc5 30. Bxc5 d3 0-1

[Event "2. BUNDESLIGA MITTE"]
[Site "Steyregg, Fuerstenfeld/Sauwald/Villach, St. Veit/Glan, Graz"]
[Date "2015.10.04"]
[Round "3"]
[Board "4"]
[White "Kirschner, Alexander"]
[Black "Wegerer, Fred"]
[Result "0-1"]
[WhiteElo "2186"]
[BlackElo "2128"]
[PlyCount "78"]
[EventDate "2015.10.02"]
[EventType "team"]
[EventRounds "11"]
[EventCountry "AUT"]
[WhiteTeam "SV Steyregg"]
[BlackTeam "RbEJ Gleisdorf"]

1. c4 g6 2. Nc3 Bg7 3. g3 c5 4. Bg2 Nc6 5. Nf3 e5 6. O-O Nge7 7. a3 O-O 8. Rb1
a5 9. Ne1 d6 10. Nc2 f5 11. Ne3 f4 12. Ned5 g5 13. d3 Ng6 14. b4 axb4 15. axb4
cxb4 16. Nb5 Kh8 17. Bd2 Nd4 18. Nxd4 exd4 19. Rxb4 Ra2 20. Ra4 Rxa4 21. Qxa4
Bg4 22. Re1 Be5 23. Ba5 Qc8 24. Be4 Bh3 25. Qd1 Qd7 26. Bg2 Bxg2 27. Kxg2 b5
28. Bd2 bxc4 29. dxc4 Qg4 30. Rf1 Nh4+ 31. Kh1 fxg3 32. fxg3 Qe4+ 33. Rf3 Nxf3
34. exf3 Rxf3 35. Kg1 d3 36. Bc3 Bxc3 37. Nxc3 Qe3+ 38. Kg2 Rf2+ 39. Kh3 Qe6+
 0-1

[Event "2. BUNDESLIGA MITTE"]
[Site "Steyregg, Fuerstenfeld/Sauwald/Villach, St. Veit/Glan, Graz"]
[Date "2015.10.04"]
[Round "3"]
[Board "5"]
[White "Watzka, Horst"]
[Black "Wiesinger, Robert"]
[Result "1-0"]
[WhiteElo "2236"]
[BlackElo "2176"]
[PlyCount "51"]
[EventDate "2015.10.02"]
[EventType "team"]
[EventRounds "11"]
[EventCountry "AUT"]
[WhiteTeam "RbEJ Gleisdorf"]
[BlackTeam "SV Steyregg"]

1. e4 e5 2. Nf3 Nc6 3. Bb5 a6 4. Ba4 Nf6 5. O-O Be7 6. Bxc6 dxc6 7. Qe2 Nd7 8.
d4 exd4 9. Nxd4 Nf6 10. c3 O-O 11. e5 Nd5 12. Qe4 Nb6 13. Bf4 Qd5 14. Qc2 c5
15. Nf5 Qe6 16. Nxe7+ Qxe7 17. Nd2 Be6 18. c4 Rad8 19. b3 Qd7 20. Ne4 Bf5 21.
Rfe1 Qc6 22. Re2 Rd4 23. Rae1 Rfd8 24. Nf6+ gxf6 25. Qxf5 Nd7 26. e6 1-0

[Event "2. BUNDESLIGA MITTE"]
[Site "Steyregg, Fuerstenfeld/Sauwald/Villach, St. Veit/Glan, Graz"]
[Date "2015.11.14"]
[Round "4"]
[Board "2"]
[White "Moser, Guenter"]
[Black "Lautner, Josef"]
[Result "1/2-1/2"]
[WhiteElo "2313"]
[BlackElo "2211"]
[PlyCount "62"]
[EventDate "2015.10.02"]
[EventType "team"]
[EventRounds "11"]
[EventCountry "AUT"]
[WhiteTeam "Union Ansfelden"]
[BlackTeam "SPG Sauwald 2"]

1. d4 {[%emt 0:00:00]} d5 2. Nf3 e6 3. g3 Nf6 4. Bg2 Be7 5. O-O O-O 6. b3 b6 7.
Bb2 Nbd7 8. Nbd2 Ba6 9. Ne5 Nxe5 10. dxe5 Ne8 11. c4 c6 12. Qc2 f5 13. Rfd1 Qc8
14. a3 Nc7 15. e3 Qe8 16. Rac1 Bb7 17. cxd5 exd5 18. b4 Ne6 19. Qb3 Qf7 20. Rc2
Rfd8 21. Rdc1 Bf8 22. Nf3 c5 23. bxc5 bxc5 24. Qa2 g5 25. Rd1 g4 26. Ne1 Ng5
27. Nd3 Ne4 28. Nf4 c4 29. Bd4 Bc6 30. a4 Qe8 31. Ra1 Bg7 1/2-1/2

[Event "2. BUNDESLIGA MITTE"]
[Site "Steyregg, Fuerstenfeld/Sauwald/Villach, St. Veit/Glan, Graz"]
[Date "2015.11.14"]
[Round "4"]
[Board "3"]
[White "Maier, Christoph"]
[Black "Knoll, Hermann"]
[Result "0-1"]
[WhiteElo "2125"]
[BlackElo "2331"]
[PlyCount "78"]
[EventDate "2015.10.02"]
[EventType "team"]
[EventRounds "11"]
[EventCountry "AUT"]
[WhiteTeam "SPG Sauwald 2"]
[BlackTeam "Union Ansfelden"]

1. e4 {[%emt 0:00:00]} c5 2. Nf3 d6 3. d4 cxd4 4. Nxd4 Nf6 5. Nc3 a6 6. Bg5 e6
7. f4 Nbd7 8. Qf3 Qc7 9. O-O-O b5 10. g4 Bb7 11. Bd3 Qb6 12. Bxf6 gxf6 13. Nce2
O-O-O 14. Kb1 Kb8 15. Rhg1 Be7 16. h4 Nc5 17. Qe3 d5 18. e5 Ne4 19. g5 f5 20.
Nxf5 Qxe3 21. Nxe3 Bc5 22. Bxe4 Bxe3 23. Bf3 Bxg1 24. Rxg1 d4 25. Bxb7 Kxb7 26.
Rd1 h6 27. Nc1 hxg5 28. hxg5 Rh4 29. Nd3 Rdh8 30. Kc1 Rh1 31. Nf2 Rxd1+ 32.
Kxd1 Kc6 33. Ke2 Kd5 34. a3 a5 35. b3 a4 36. b4 Rc8 37. Kd2 Rc3 38. Ng4 Ke4 39.
Nh6 Rc7 0-1

[Event "2. BUNDESLIGA MITTE"]
[Site "Steyregg, Fuerstenfeld/Sauwald/Villach, St. Veit/Glan, Graz"]
[Date "2015.11.14"]
[Round "4"]
[Board "4"]
[White "Ennsberger, Ulrich"]
[Black "Schmid, Franz"]
[Result "1-0"]
[WhiteElo "2314"]
[BlackElo "2188"]
[PlyCount "71"]
[EventDate "2015.10.02"]
[EventType "team"]
[EventRounds "11"]
[EventCountry "AUT"]
[WhiteTeam "Union Ansfelden"]
[BlackTeam "SPG Sauwald 2"]

1. Nf3 Nf6 2. c4 g6 3. g3 Bg7 4. Bg2 O-O 5. O-O d5 6. cxd5 Nxd5 7. Nc3 Nb6 8.
d3 Nc6 9. Be3 e5 10. a3 Nd4 11. Rc1 c6 12. Re1 Bg4 13. Bxd4 exd4 14. Ne4 Qe7
15. Qd2 h6 16. Qf4 Bxf3 17. Bxf3 Rad8 18. Rc2 Nd5 19. Qc1 f5 20. Nd2 h5 21.
Bxd5+ Rxd5 22. Nf3 f4 23. gxf4 Bh6 24. e3 Qd7 25. Kh1 Qg4 26. Qd1 dxe3 27. fxe3
Qe6 28. Rg2 Kh7 29. Ne5 Rf6 30. Reg1 Rxe5 31. fxe5 Qxe5 32. e4 Qf4 33. Qe2 Bf8
34. d4 c5 35. e5 Re6 36. Rf1 1-0